Aprender a aprender con el deporte/Feliu Funollet Quexalós, Eduard Inglés i Yuba, Betlem Gomila Serra, Roser Funollet Ubach (Registro nro. 19405)

Detalles MARC
000 -LEADER
fixed length control field 00686nam a22002051a 4500
001 - CONTROL NUMBER
control field 19405
003 - CONTROL NUMBER IDENTIFIER
control field OSt
005 - DATE AND TIME OF LATEST TRANSACTION
control field 20260204212452.0
008 - FIXED-LENGTH DATA ELEMENTS--GENERAL INFORMATION
fixed length control field 190511s2013||||spa||||||b||||||||||spa||
020 ## - NUMERO DE LIBRO INTERNACIONAL NORMALIZADO
International Standard Book Number 9788497293358
082 ## - DEWEY DECIMAL CLASSIFICATION NUMBER
Classification number 796.01 F943a
100 ## - ASIENTO PRINCIPAL -- NOMBRE PERSONAL
Personal name Funollet Quexalós, Feliu
245 ## - TÍTULO PROPIAMENTE DICHO: SUBTÍTULO
Title Aprender a aprender con el deporte/Feliu Funollet Quexalós, Eduard Inglés i Yuba, Betlem Gomila Serra, Roser Funollet Ubach
264 ## - PRODUCTION, PUBLICATION, DISTRIBUTION, MANUFACTURE, AND COPYRIGHT NOTICE
Place of production, publication, distribution, manufacture Barcelona, España:Editorial INDE
300 ## - PHYSICAL DESCRIPTION
Extensión 125 Páginas
500 ## - GENERAL NOTE
General note Incluye índice de Figuras
650 ## - ASIENTO SECUNDARIO DE MATERIA -- TERMINO TEMÁTICO
Termino Temático Como Elemento de Entrada Deporte-enseñanza
700 ## - ASIENTO SECUNDARIO -- NOMBRE PERSONAL
Personal name Inglés i Yuba, Eduard II.Gomila Serra, Betlem III.Funollet Ubach, RoserÌ
942 ## - ADDED ENTRY ELEMENTS (KOHA)
Source of classification or shelving scheme Dewey Decimal Classification
Koha item type Libros
Existencias
Withdrawn status Lost status Source of classification or shelving scheme Damaged status Not for loan Current library Date acquired Total Checkouts Full call number Barcode Date last seen Price effective from Koha item type
    Dewey Decimal Classification     Biblioteca UTECO 09/09/2019   796.01 F943A 019061 09/09/2019 09/09/2019 Libros
    Dewey Decimal Classification     Biblioteca UTECO 09/09/2019   796.01 F943A 019062 09/09/2019 09/09/2019 Libros
© 2021 Derechos Reservados UTECO - Teléfono: +1 809-585-2291 - Correo electrónico: biblioteca@uteco.edu.do​  
Código postal 43000 ​​
Dirección: Avenida Universitaria No. 100, 
Cotuí, Provincia Sánchez Ramírez, República Dominicana - RNC: 404-00059-6